Imiona nadane dziewczynkom w 2021 - top 200 - Statystyki

Ogólne statystyki
  • Ten quiz został rozwiązany 46 razy
  • Średni wynik to 128 z 200
Statystyki odpowiedzi
Odpowiedź % Poprawnych
27 A Anna
100%
11 M Maria
100%
26 N Natalia
100%
12 E Emilia
96%
3 H Hanna
96%
15 I Iga
96%
4 J Julia
96%
29 Ł Łucja
96%
2 Z Zofia
96%
1 Z Zuzanna
96%
20 A Aleksandra
91%
80 D Daria
91%
74 K Katarzyna
91%
120 L Livia
91%
180 M Magda
91%
59 M Małgorzata
91%
43 M Martyna
91%
36 N Nina
91%
10 P Pola
91%
121 V Victoria
91%
167 V Viktoria
91%
38 W Weronika
91%
17 W Wiktoria
91%
48 A Agata
87%
123 A Anita
87%
13 A Antonina
87%
39 B Barbara
87%
165 E Eva
87%
23 G Gabriela
87%
21 H Helena
87%
139 I Izabella
87%
102 J Janina
87%
60 J Joanna
87%
89 K Kamila
87%
47 K Karolina
87%
53 K Kinga
87%
28 K Kornelia
87%
6 L Laura
87%
9 L Lena
87%
5 M Maja
87%
134 M Maya
87%
106 M Monika
87%
25 N Nadia
87%
159 N Nicola
87%
185 N Nicole
87%
37 N Nikola
87%
96 O Olivia
87%
7 O Oliwia
87%
77 P Patrycja
87%
65 P Paulina
87%
41 R Róża
87%
46 S Sara
87%
8 A Alicja
83%
14 A Amelia
83%
24 B Blanka
83%
62 E Ewa
83%
58 I Izabela
83%
75 K Klaudia
83%
61 L Lidia
83%
49 M Magdalena
83%
55 M Marianna
83%
70 M Marta
83%
32 M Milena
83%
79 O Olga
83%
45 R Rozalia
83%
110 S Sandra
83%
54 A Adrianna
78%
109 A Agnieszka
78%
111 A Alina
78%
34 A Anastazja
78%
189 A Aneta
78%
68 D Dominika
78%
84 D Dorota
78%
52 E Eliza
78%
136 E Ewelina
78%
128 I Irena
78%
97 J Jadwiga
78%
30 J Jagoda
78%
35 K Kaja
78%
22 K Klara
78%
16 M Marcelina
78%
114 M Marlena
78%
44 M Matylda
78%
18 M Michalina
78%
140 T Teresa
78%
66 U Urszula
78%
87 A Ada
74%
177 A Adriana
74%
42 A Aniela
74%
148 D Danuta
74%
103 E Elżbieta
74%
130 F Franciszka
74%
113 J Justyna
74%
127 K Krystyna
74%
191 L Lili
74%
92 L Lilia
74%
33 L Lilianna
74%
50 L Liwia
74%
71 M Malwina
74%
56 A Aurelia
70%
63 B Bianka
70%
94 C Celina
70%
195 G Gaia
70%
51 G Gaja
70%
72 I Ida
70%
100 I Inga
70%
91 M Marika
70%
40 M Mia
70%
161 S Sylwia
70%
133 V Vanessa
70%
76 D Diana
65%
192 H Halina
65%
19 L Liliana
65%
149 L Lucyna
65%
64 M Melania
65%
81 N Nel
65%
31 N Nela
65%
69 W Wanda
65%
98 A Adela
61%
176 C Cecylia
61%
104 D Dagmara
61%
90 E Emma
61%
78 J Jagna
61%
126 J Judyta
61%
157 P Paula
61%
169 T Tamara
61%
108 J Jaśmina
57%
124 J Jowita
57%
125 J Julianna
57%
57 K Kalina
57%
119 K Karina
57%
83 L Luiza
57%
145 S Sabina
57%
101 S Sonia
57%
67 Z Zoja
57%
85 E Elena
52%
131 F Faustyna
52%
105 F Felicja
52%
118 J Julita
52%
112 M Mila
52%
156 A Amanda
48%
73 A Apolonia
48%
117 E Estera
48%
95 L Lea
48%
99 L Lila
48%
129 M Milana
48%
86 R Rita
48%
115 R Roksana
48%
198 S Sophie
48%
194 B Beata
43%
199 J Jessica
43%
88 L Lara
43%
135 N Natasza
43%
93 S Sofia
43%
184 S Sophia
43%
82 S Stefania
43%
197 E Edyta
39%
137 F Florentyna
39%
122 G Gloria
39%
179 J Jana
39%
200 M Melisa
39%
116 N Noemi
39%
182 O Ola
39%
163 S Sofiia
39%
107 T Tola
39%
171 D Dalia
35%
132 K Konstancja
35%
141 M Malina
35%
144 O Otylia
35%
155 A Aurora
30%
164 I Ines
30%
168 I Inez
30%
153 J Józefina
30%
150 K Klementyna
30%
154 M Marietta
30%
151 M Mira
30%
173 N Naomi
30%
146 O Oktawia
30%
147 S Stella
30%
187 W Waleria
30%
181 A Adelina
26%
193 H Honorata
26%
138 I Inka
26%
186 M Marina
26%
166 L Luna
22%
183 N Nelia
22%
143 A Antonia
17%
152 A Ariana
17%
174 I Idalia
17%
190 L Larysa
17%
170 L Letycja
13%
172 M Miriam
13%
160 P Polina
13%
175 R Roma
13%
196 Z Zoe
13%
142 A Alisa
9%
188 D Dobrawa
9%
158 K Kira
9%
178 N Nastia
4%
162 Z Zlata
4%
Nie znaleziono quizów pasujących do podanych kryteriów
Rozkład punktacji
Procent ludzi z każdym wynikiem
Percentyl według liczby udzielonych odpowiedzi
Twoja historia wyników
Nie rozwiązałeś tego quizu